000 00689nam a2200253Ia 4500
003 OSt
005 20220918210158.0
006 a|||||r|||| 00| 0
007 ta
008 220917b |||||||| |||| 00| 0 eng d
024 _a119,492
037 _cTextual
040 _aARTS
_cARTS
_beng
041 _2eng
_aeng
082 _aV73,1y7M82, L3
100 _aFreidel Frank
_9115886
245 0 _aFranklin D Rossevelt
_b Launching the new deal
260 _aBoston
_bLittle Brown
_c1973
300 _ax, 574p. illus
_ccm.
500 _aBibliography p508-510
650 _aHISTORY
942 _hV73,1y7M82, L3
_cTEXL
_2CC
999 _c242756
_d242756